| 000 | 00933cam a2200289 i 4500 | ||
|---|---|---|---|
| 999 |
_c7019 _d7019 |
||
| 020 |
_a9789861858883 _c新臺幣280元 (平裝) |
||
| 100 | 1 | _a戴更基 | |
| 245 | 1 | 0 |
_a狗狗這樣教, 主人好輕鬆2 : _b不打不罵不關, 33招解決所有狗狗問題 / _c戴更基著 |
| 250 | _a初版 | ||
| 260 |
_a臺北市 : _b高寶國際, _c2013[民102] |
||
| 300 |
_a220面 : _b圖 ; _c21公分 |
||
| 490 | 1 |
_a新視野 _aNew Window _v138. |
|
| 942 |
_2ccl _cBOOK |
||